<?xml version="1.0" encoding="UTF-8"?>
<resp>
  <nextPage>https://data.bn.org.pl/api/networks/bibs.marcxml?marc=001+b1000000754444&amp;sinceId=1000000754445</nextPage>
  <collection>
    <record xmlns='http://www.loc.gov/MARC21/slim'><leader>02222naa a2200565 i 4500</leader><controlfield tag='001'>b1000000754444</controlfield><controlfield tag='005'>20241203214312.7</controlfield><controlfield tag='008'>200908s2017    pl       o   |000 0 pol  </controlfield><controlfield tag='009'>9911560244105606</controlfield><datafield ind1='7' ind2=' ' tag='024'><subfield code='a'>10.23817/strans.8-18</subfield><subfield code='2'>doi</subfield></datafield><datafield ind1=' ' ind2=' ' tag='035'><subfield code='a'>(PL)b1000000754444</subfield></datafield><datafield ind1=' ' ind2=' ' tag='040'><subfield code='a'>WA N</subfield><subfield code='c'>WA N</subfield><subfield code='d'>WA N</subfield></datafield><datafield ind1=' ' ind2=' ' tag='046'><subfield code='k'>2017</subfield></datafield><datafield ind1=' ' ind2=' ' tag='080'><subfield code='a'>80/81(045/046)</subfield></datafield><datafield ind1='1' ind2=' ' tag='100'><subfield code='a'>Siewert-Kowalkowska, Katarzyna</subfield><subfield code='e'>Recenzja</subfield></datafield><datafield ind1='1' ind2='0' tag='245'><subfield code='a'>[Tłumaczenie pisemne na język polski - recenzja] /</subfield><subfield code='c'>Katarzyna Siewert-Kowalkowska (Uniwersytet Kazimierza Wielkiego.  Instytut Neofilologii i Lingwistyki Stosowanej).</subfield></datafield><datafield ind1=' ' ind2=' ' tag='260'><subfield code='c'>2017.</subfield></datafield><datafield ind1=' ' ind2=' ' tag='336'><subfield code='a'>Tekst</subfield><subfield code='b'>txt</subfield><subfield code='2'>rdacontent</subfield></datafield><datafield ind1=' ' ind2=' ' tag='337'><subfield code='a'>Bez urządzenia pośredniczącego</subfield><subfield code='b'>n</subfield><subfield code='2'>rdamedia</subfield></datafield><datafield ind1=' ' ind2=' ' tag='338'><subfield code='a'>Wolumin</subfield><subfield code='b'>nc</subfield><subfield code='2'>rdacarrier</subfield></datafield><datafield ind1=' ' ind2=' ' tag='380'><subfield code='a'>Artykuły</subfield></datafield><datafield ind1=' ' ind2=' ' tag='380'><subfield code='a'>Publikacje naukowe</subfield></datafield><datafield ind1='1' ind2=' ' tag='388'><subfield code='a'>2001-</subfield></datafield><datafield ind1=' ' ind2=' ' tag='500'><subfield code='a'>Tytuł nadany przez katalogującego.</subfield></datafield><datafield ind1='8' ind2=' ' tag='520'><subfield code='a'>Zawiera recenzję książki: Tłumaczenie pisemne na język polski : kompendium / Zofia Kozłowska, Anna Szczęsny. - Warszawa, 2018.</subfield></datafield><datafield ind1=' ' ind2=' ' tag='546'><subfield code='a'>Streszczenie w języku angielskim.</subfield></datafield><datafield ind1='0' ind2='7' tag='600'><subfield code='a'>Kozłowska, Zofia</subfield><subfield code='c'>(filolożka).</subfield><subfield code='t'>Tłumaczenie pisemne na język polski</subfield><subfield code='2'>DBN</subfield></datafield><datafield ind1=' ' ind2='7' tag='648'><subfield code='a'>1901-2000</subfield><subfield code='2'>DBN</subfield></datafield><datafield ind1=' ' ind2='7' tag='648'><subfield code='a'>2001-</subfield><subfield code='2'>DBN</subfield></datafield><datafield ind1=' ' ind2='7' tag='650'><subfield code='a'>Język polski</subfield><subfield code='2'>DBN</subfield></datafield><datafield ind1=' ' ind2='7' tag='650'><subfield code='a'>Przekłady</subfield><subfield code='2'>DBN</subfield></datafield><datafield ind1=' ' ind2='7' tag='655'><subfield code='a'>Artykuł z pracy zbiorowej</subfield><subfield code='2'>DBN</subfield></datafield><datafield ind1=' ' ind2='7' tag='655'><subfield code='a'>Recenzja naukowa</subfield><subfield code='2'>DBN</subfield></datafield><datafield ind1=' ' ind2=' ' tag='658'><subfield code='a'>Językoznawstwo</subfield></datafield><datafield ind1='2' ind2=' ' tag='710'><subfield code='a'>Instytut Neofilologii i Lingwistyki Stosowanej (Uniwersytet Kazimierza Wielkiego ; Bydgoszcz)</subfield><subfield code='4'>oth</subfield></datafield><datafield ind1='0' ind2=' ' tag='773'><subfield code='i'>W:</subfield><subfield code='t'>Paradigmen in der Translationsforschung Ein- und Aussichten</subfield><subfield code='g'>s. 249-252</subfield><subfield code='w'>(PL)b1000000270464</subfield></datafield><datafield ind1=' ' ind2=' ' tag='852'><subfield code='b'>48OMNIS_UJA</subfield><subfield code='8'>991016757963305067</subfield></datafield><datafield ind1=' ' ind2=' ' tag='852'><subfield code='b'>48OMNIS_NETWORK</subfield><subfield code='8'>9911560244105606</subfield></datafield><datafield ind1=' ' ind2=' ' tag='852'><subfield code='b'>48OMNIS_NLOP</subfield><subfield code='8'>991052747183105066</subfield></datafield></record>
  </collection>
</resp>
